| 000 | 00607nam a22002057a 4500 | ||
|---|---|---|---|
| 003 | OSt | ||
| 005 | 20160630153919.0 | ||
| 008 | 141126b xxu||||| |||| 00| 0 eng d | ||
| 020 | _a0412498103 | ||
| 040 | _cDNLM | ||
| 082 |
_aWA 100 _b P88l 1995 |
||
| 245 |
_aPractiotioner Research in Health care: _bThe inside Story/ _cJan Reed and Sue Procter |
||
| 260 |
_aLondon : _bChapMan Hall; _c1995. |
||
| 300 |
_axi, 208 p: _bill ; _c26 cm. |
||
| 504 | _aIncludes references and index. | ||
| 650 |
_aHealth care _912 |
||
| 700 |
_4Editor _aReed Jan _92119 |
||
| 700 |
_4Editor _a Procter Sue _92120 |
||
| 942 |
_2z _cSLOAN |
||
| 999 |
_c787 _d787 |
||